[Event "Noisy le Grand-C 1st"]
[Site "Noisy le Grand"]
[Date "2008.12.30"]
[Round "5"]
[White "Sicard, Stephane"]
[Black "Parrain, Florian"]
[Result "0-1"]
[WhiteElo "1774"]
[BlackElo "1670"]
[PlyCount "64"]
[EventDate "2008.12.26"]
[EventType "tourn"]
[EventRounds "5"]
[EventCountry "FRA"]
[SourceTitle "EXT 2010"]
[Source "ChessBase"]
[SourceDate "2010.11.25"]
[SourceVersion "1"]
[SourceVersionDate "2010.11.25"]
[SourceQuality "1"]

1. e4 c6 2. d4 d5 3. Nc3 dxe4 4. Nxe4 Bf5 5. Ng3 Bg6 6. h4 h6 7. Nf3 Nd7 8. Bd3 Bxd3 9. Qxd3 e6 10. Bf4 Qa5+ 11. c3 Ngf6 12. 0-0 Nd5 13. Bd2 Qc7 14. Rfe1 Be7 15. Nh5 0-0 16. g3 N5f6 17. Nxf6+ Bxf6 18. Kg2 Rfe8 19. Rh1 Rad8 20. Ng5 Nf8 21. Ne4 Nd7 22. Nxf6+ Nxf6 23. Qf3 e5 24. Bxh6 exd4 25. Bf4 Qd7 26. cxd4 Qxd4 27. Rad1 Qxb2 28. Rxd8 Rxd8 29. Re1 Qxa2 30. Re7 Rd7 31. Rxd7 Nxd7 32. Qe2 Qxe2 0-1